000 00576nam a2200193 a 4500
001 000025168
005 20200930023613.0
008 110208s1998 ck r 000 | spa d
020 _a9588017343
040 _aDO-SdBNP
_bspa
_cBNPHU
082 _axxx
_bB932t
100 1 _aBuitrago Mojíca, José Sixto
_951632
245 1 0 _aTodos los secretos de la excelencia en ventas /
_cJosé Sixto Buitrago Mojíca.
260 _aSantafé de Bogotá :
_b3R ,
_c1998.
300 _a184 p. ;
_c23 cm.
490 1 _aTemas Prácticos
830 0 _aTemas Prácticos
_951633
049 _aBNGR
999 _c24661
_d24661